[Event "Plymouth (MI Op/7/20)"]
[Site "?"]
[Date "1984.??.??"]
[Round "?"]
[White "Manion, Tom"]
[Black "Pierce, Kevin"]
[Result "1-0"]
[WhiteElo "1740"]
[BlackElo "1955"]
[PlyCount "119"]
[EventDate "1984.??.??"]

{7/(20)} 1. e4 g6 2. d4 d6 3. Nc3 Bg7 4. Nf3 Nf6 5. Bc4 O-O 6. O-O Bg4 7. Qd3
Bxf3 8. Qxf3 Nc6 9. Be3 Nd7 10. Qd1 Nb6 11. Be2 e5 12. d5 Nd4 13. Bd3 c5 14.
dxc6 bxc6 15. Ne2 Ne6 16. Qd2 f5 17. exf5 gxf5 18. Bh6 Qd7 19. Bxg7 Qxg7 20.
Kh1 Rad8 21. c3 Kh8 22. a4 Rg8 23. Rg1 e4 24. Ba6 Nc5 25. Nd4 Nxa6 26. Ne6 Qe5
27. Nxd8 Rxd8 28. b4 Rd7 29. Qe2 Nc7 30. c4 Ne6 31. a5 Nf4 32. Qc2 Nc8 33. Qa4
Nd3 34. Ra2 Rc7 35. Qb3 Qf4 36. Rf1 Rg7 37. Qc3 Kg8 38. f3 Ne7 39. b5 Qe3 40.
Rc2 f4 41. fxe4 Rg3 42. Qf6 Qxe4 43. Qh6 Rg6 44. Qh4 Nf5 45. Qd8+ Kg7 46. Qd7+
Kh6 47. Qxc6 Qxc6 48. bxc6 Ne3 49. Rff2 Nxc2 50. Rxc2 Rg7 51. Rc3 Rc7 52. Rxd3
Rxc6 53. Rd4 Kg5 54. Rd5+ Kf6 55. Kg1 Ke6 56. Rb5 Rc5 57. Kf2 Rxc4 58. Rb7 d5
59. Rxa7 Ra4 60. a6 1-0

[Event "Battle Creek (Insanity/3/2)"]
[Site "?"]
[Date "1984.??.??"]
[Round "?"]
[White "Manion, Tom"]
[Black "Moore, Robert"]
[Result "1/2-1/2"]
[WhiteElo "1740"]
[BlackElo "1750"]
[PlyCount "137"]
[EventDate "1984.??.??"]

{3/(2)} 1. e4 c5 2. Nf3 d6 3. d4 cxd4 4. Nxd4 Nf6 5. Nc3 a6 6. Bg5 e6 7. Be2
Be7 8. O-O O-O 9. Kh1 Nxe4 10. Bxe7 Nxc3 11. Bxd8 Nxd1 12. Be7 Re8 13. Bxd6
Nxb2 14. a4 Rd8 15. Bc5 Bd7 16. a5 Rc8 17. Nb3 Na4 18. Bd4 Nc3 19. Bf3 Bc6 20.
Bxc6 Rxc6 21. Nc5 Nb5 22. Be3 Rc7 23. c4 Na7 24. Rfd1 Nbc6 25. Ne4 Nc8 26. Bf4
e5 27. Bg3 N8e7 28. Rd2 Nf5 29. Rad1 Nxg3+ 30. hxg3 Nd4 31. f4 f6 32. fxe5 fxe5
33. Ng5 Rxc4 34. Nf3 Nxf3 35. gxf3 Rf8 36. Kg2 Rc3 37. Rd3 Rxd3 38. Rxd3 Rc8
39. Rd5 Rc2+ 40. Kh3 Re2 41. Rd8+ Kf7 42. Rd7+ Kf6 43. Rxb7 Re3 44. Kg4 h5+ 45.
Kxh5 Rxf3 46. Kg4 Rd3 47. Rb6+ Kf7 48. Rxa6 Rd5 49. Ra7+ Kg6 50. Ra6+ Kf7 51.
Kf5 Rb5 52. Ra7+ Kf8 53. Ke6 Kg8 54. Kf5 Kh7 55. g4 Rc5 56. a6 Ra5 57. Ra8 Ra4
58. a7 Ra5 59. g5 g6+ 60. Kf6 e4 61. Re8 Rxa7 62. Rxe4 Ra6+ 63. Kf7 Ra7+ 64.
Ke6 Kg7 65. Ke5 Re7+ 66. Kf4 Rxe4+ 67. Kxe4 Kf7 68. Ke5 Ke7 69. Kd5 1/2-1/2

[Event "Battle Creek (Insanity/6/4)"]
[Site "?"]
[Date "1984.??.??"]
[Round "?"]
[White "Manion, Tom"]
[Black "Griffin, John"]
[Result "1-0"]
[WhiteElo "1750"]
[BlackElo "1620"]
[PlyCount "51"]
[EventDate "1984.??.??"]

{6/(4)} 1. e4 c5 2. Nf3 Nc6 3. d4 cxd4 4. Nxd4 Nf6 5. Nc3 e5 6. Ndb5 d6 7. Bg5
a6 8. Na3 Be6 9. Bc4 Bxc4 10. Nxc4 b5 11. Ne3 Ne7 12. Qd3 h6 13. Bxf6 gxf6 14.
O-O-O Nc8 15. Rhe1 Ra7 16. Ncd5 Nb6 17. Nb4 Qc8 18. Nf5 Rd7 19. Nd5 Nxd5 20.
Qxd5 Be7 21. Re3 Rc7 22. Rd2 Qb7 23. Nxd6+ Bxd6 24. Qxd6 Rd7 25. Qxf6 Rxd2 26.
Qxh8+ 1-0

[Event "Battle Creek (Insanity/1/6)"]
[Site "?"]
[Date "1984.??.??"]
[Round "?"]
[White "Manion, Tom"]
[Black "Glynn, P.."]
[Result "1-0"]
[WhiteElo "1740"]
[BlackElo "1605"]
[PlyCount "119"]
[EventDate "1984.??.??"]

{1/(6)} 1. e4 c5 2. Nf3 d6 3. Bb5+ Nd7 4. d4 a6 5. Be2 cxd4 6. Qxd4 Ngf6 7. Nc3
b6 8. O-O e6 9. Bg5 Be7 10. Nd2 O-O 11. Nc4 Qc7 12. Rad1 d5 13. exd5 exd5 14.
Bf4 Qc5 15. Bf3 Qxd4 16. Rxd4 b5 17. Nd6 Nb6 18. Nxd5 Nbxd5 19. Bxd5 Nxd5 20.
Rxd5 Be6 21. Rd3 Bxa2 22. b3 Bf6 23. Ne4 Bb2 24. Bc1 Bxc1 25. Rxc1 Rac8 26. Nc3
Bxb3 27. cxb3 Rfe8 28. Kf1 f5 29. Ne2 Ra8 30. Rd7 Rad8 31. Rcc7 Rxd7 32. Rxd7
Ra8 33. Nd4 f4 34. Ne6 a5 35. Rxg7+ Kh8 36. Rb7 a4 37. bxa4 bxa4 38. Nxf4 a3
39. Rb1 Kg7 40. Ke2 Re8+ 41. Kd3 Rd8+ 42. Kc3 Kf6 43. Ra1 Rc8+ 44. Kd3 Rb8 45.
Rxa3 Rb2 46. Ke3 Kg5 47. Ra5+ Kf6 48. g4 Rb3+ 49. Nd3 h6 50. Ke4 Rc3 51. Rf5+
Kg7 52. Rc5 Ra3 53. h4 Ra4+ 54. Kf5 Rd4 55. Rc7+ Kf8 56. Ne5 Rd2 57. f4 Rd4 58.
Ke6 Rd8 59. Nd7+ Kg8 60. Nf6+ 1-0

[Event "Plymouth (MI Op/4/26)"]
[Site "?"]
[Date "1984.??.??"]
[Round "?"]
[White "Manion, Tom"]
[Black "Bagherabadi, Mohammed"]
[Result "0-1"]
[WhiteElo "1740"]
[BlackElo "1990"]
[PlyCount "122"]
[EventDate "1984.??.??"]

{4/(26)} 1. e4 c5 2. Nf3 a6 3. d4 cxd4 4. Nxd4 Nf6 5. Bd3 e5 6. Nb3 Bb4+ 7. Bd2
Bxd2+ 8. Qxd2 O-O 9. Nc3 d6 10. O-O Nc6 11. Nd5 Be6 12. Rae1 Bxd5 13. exd5 Ne7
14. c4 Rc8 15. f4 Nd7 16. Rf3 Ng6 17. f5 Nf4 18. Bf1 Qg5 19. Kh1 Qxf5 20. g3
Qh5 21. Rf2 Nh3 22. Rg2 Ng5 23. Be2 Qg6 24. Qe3 f5 25. Nd2 Rf7 26. Nf3 Nxf3 27.
Qxf3 e4 28. Qe3 Ne5 29. b3 Kh8 30. h3 Qf6 31. Rf1 Re8 32. Rgf2 g6 33. Kg2 Qe7
34. Kh2 Ref8 35. Kg2 Kg7 36. a3 Qc7 37. Qd4 Qa5 38. Qb2 Kg8 39. b4 Qc7 40. c5
Nd7 41. Bc4 b5 42. Bb3 Ne5 43. Qd4 Rc8 44. c6 Qa7 45. Qc3 Re7 46. Bd1 Nc4 47.
Be2 Ne3+ 48. Kg1 Nxf1 49. Bxf1 Re5 50. g4 fxg4 51. hxg4 Rf8 52. Qc2 Qxf2+ 53.
Qxf2 Rxf2 54. Kxf2 Re7 55. Ke3 Kf8 56. Be2 Ke8 57. a4 bxa4 58. b5 axb5 59. Bxb5
Kd8 60. Bxa4 Re5 61. Bb3 Rg5 0-1

[Event "East Detroit (MCO/5/35)"]
[Site "?"]
[Date "1984.??.??"]
[Round "?"]
[White "Manion, Tom"]
[Black "Aurand, G.."]
[Result "1-0"]
[WhiteElo "1760"]
[BlackElo "1605"]
[PlyCount "49"]
[EventDate "1984.??.??"]

{5/(35)} 1. e4 e5 2. Nf3 Nc6 3. Bb5 a6 4. Ba4 b5 5. Bb3 Nf6 6. O-O Bc5 7. Nxe5
Bxf2+ 8. Rxf2 Nxe5 9. h3 Nxe4 10. Re2 d5 11. d3 Bf5 12. dxe4 dxe4 13. Qd5 Qxd5
14. Bxd5 Rd8 15. Bxe4 Rd1+ 16. Kf2 Bxe4 17. Rxe4 O-O 18. Nc3 Rh1 19. Rxe5 c6
20. b3 h6 21. Bb2 Rxa1 22. Bxa1 Rd8 23. Re2 f5 24. Bb2 Rd4 25. Nxb5 1-0

[Event "East Lansing (MEX/1)"]
[Site "?"]
[Date "1984.??.??"]
[Round "?"]
[White "MacTaggert, A.."]
[Black "Noren, Kevin"]
[Result "1-0"]
[WhiteElo "2040"]
[BlackElo "2225"]
[PlyCount "117"]
[EventDate "1984.??.??"]

1. d4 d5 2. c4 Nc6 3. e3 e5 4. Nf3 exd4 5. exd4 Bb4+ 6. Nc3 Bg4 7. Be3 Nf6 8.
a3 Bxc3+ 9. bxc3 O-O 10. Bd3 dxc4 11. Bxc4 Nd5 12. O-O Re8 13. Bd2 Nb6 14. Bd3
Ne5 15. Be2 Nec4 16. Re1 Qf6 17. h3 Bh5 18. a4 a5 19. Bg5 Qd6 20. Bh4 Qd5 21.
Bg3 Re7 22. Rb1 c6 23. Bxc4 Rxe1+ 24. Qxe1 Nxc4 25. Nd2 b5 26. Nxc4 Qxc4 27.
Qe5 Bg6 28. Re1 f6 29. Qc7 bxa4 30. Re7 Bf7 31. Rd7 h6 32. d5 Rf8 33. Bd6 cxd5
34. Bxf8 Qxc7 35. Rxc7 Kxf8 36. Ra7 Be8 37. Rxa5 Bc6 38. f3 Kf7 39. Kf2 Ke6 40.
Ke3 Kd6 41. Kd4 g5 42. c4 dxc4 43. Kxc4 h5 44. h4 g4 45. fxg4 hxg4 46. g3 Ke7
47. Kd4 Kf7 48. Ke3 Bd7 49. Kf4 Kg6 50. Ra7 Bc8 51. Rxa4 Bd7 52. Rb4 Bc8 53.
Ke4 Ba6 54. Kd5 Be2 55. Ke6 f5 56. Rf4 Bd3 57. Rd4 Bc2 58. Rd6 Kh5 59. Ke5 1-0

[Event "East Lansing (MEX/2)"]
[Site "?"]
[Date "1984.??.??"]
[Round "?"]
[White "MacTaggert, A.."]
[Black "Mills, J.."]
[Result "1/2-1/2"]
[WhiteElo "2040"]
[BlackElo "2185"]
[PlyCount "147"]
[EventDate "1984.??.??"]

1. d4 Nf6 2. Nf3 g6 3. c4 Bg7 4. Nc3 d5 5. cxd5 Nxd5 6. e4 Nxc3 7. bxc3 O-O 8.
Be3 c5 9. Be2 Nd7 10. e5 cxd4 11. cxd4 Nb6 12. O-O Be6 13. Ng5 Bd5 14. Bf3 Rc8
15. Bg4 Rc6 16. Bf3 f6 17. exf6 exf6 18. Bxd5+ Nxd5 19. Nf3 Kh8 20. Re1 Qd7 21.
Qd2 Ne7 22. Bh6 Nf5 23. Bxg7+ Kxg7 24. Qb4 b6 25. h3 Qd5 26. Re2 Rc4 27. Qa3
Rf7 28. Rae1 a5 29. Qb2 Nxd4 30. Nxd4 Qxd4 31. Qb5 Qc5 32. Qe8 Rc1 33. Rxc1
Qxc1+ 34. Re1 Qc4 35. a4 Qc7 36. Re6 Qd7 37. Qxd7 Rxd7 38. Rxb6 Rd1+ 39. Kh2
Ra1 40. Rb7+ Kh6 41. Ra7 Rxa4 42. Kg3 g5 43. Ra8 Kg6 44. Ra7 h5 45. Kh2 Kf5 46.
Ra8 Ke5 47. g3 h4 48. gxh4 gxh4 49. Kg2 Ke4 50. Re8+ Kd3 51. Re3+ Kd4 52. Re6
f5 53. Rf6 Ke5 54. Ra6 f4 55. Kf3 Kf5 56. Ra8 Ra3+ 57. Kg2 f3+ 58. Kg1 Ra1+ 59.
Kh2 a4 60. Rf8+ Ke4 61. Rf4+ Kd3 62. Rxf3+ Ke2 63. Rf4 Kf1 64. Rxh4 Kxf2 65.
Rh8 a3 66. Rf8+ Ke3 67. Ra8 a2 68. h4 Kf4 69. h5 Kg5 70. Ra5+ Kh6 71. Kg2 Kh7
72. Ra6 Kg7 73. h6+ Kh7 74. Kh2 1/2-1/2

[Event "East Lansing (MEX/4)"]
[Site "?"]
[Date "1984.??.??"]
[Round "?"]
[White "MacTaggert, A.."]
[Black "Lindsay, F.."]
[Result "1/2-1/2"]
[WhiteElo "2040"]
[BlackElo "2305"]
[PlyCount "24"]
[EventDate "1984.??.??"]

1. d4 d5 2. Nf3 Nf6 3. c4 dxc4 4. e3 Bg4 5. Bxc4 e6 6. h3 Bh5 7. Nc3 a6 8. Be2
c5 9. a4 Nc6 10. O-O Be7 11. Re1 O-O 12. dxc5 Bxc5 1/2-1/2

[Event "East Detroit (MCO/5/26)"]
[Site "?"]
[Date "1984.??.??"]
[Round "?"]
[White "Lungu, C.."]
[Black "Johnson, C.."]
[Result "0-1"]
[WhiteElo "1605"]
[BlackElo "1755"]
[PlyCount "47"]
[EventDate "1984.??.??"]

{5/(26)} 1. c4 d6 2. Nf3 g6 3. e3 Bg7 4. d4 Nf6 5. Bd3 Bg4 6. h3 Bd7 7. O-O Qc8
8. Nc3 h5 9. Ng5 Na6 10. a3 c5 11. dxc5 Nxc5 12. Bc2 h4 13. Nd5 Nxd5 14. cxd5
Rh5 15. e4 Bh6 16. f4 e5 17. Nh7 Bg7 18. Ng5 exf4 19. Bxf4 Qd8 20. Bxd6 Qb6 21.
Nxf7 Nxe4+ 22. Kh1 Bf5 23. Bxe4 Kxf7 24. Bb4 {[Remainder illegible; 0-1, 48?]}
0-1

[Event "East Detroit (MCO/3/23)"]
[Site "?"]
[Date "1984.??.??"]
[Round "?"]
[White "Lungu, C.."]
[Black "Darbro, D.."]
[Result "0-1"]
[WhiteElo "1605"]
[BlackElo "1850"]
[PlyCount "54"]
[EventDate "1984.??.??"]

{3/(23)} 1. c4 e6 2. e4 b6 3. Nc3 Bb7 4. a3 c5 5. Be2 Nf6 6. d3 Nc6 7. Nf3 Be7
8. h3 d5 9. exd5 exd5 10. cxd5 Nxd5 11. O-O O-O 12. Ne4 Qc7 13. Bg5 Rad8 14.
Qd2 Bxg5 15. Qxg5 Qf4 16. Qxf4 Nxf4 17. Ng3 Nxe2+ 18. Nxe2 Rxd3 19. Nc3 Rfd8
20. Rfe1 f6 21. Re6 Kf7 22. Rae1 R3d6 23. Rxd6 Rxd6 24. Nb5 Rd7 25. Nc3 Ba6 26.
g4 Nd4 27. Nxd4 Rxd4 $138 0-1

[Event "East Detroit (MCO/1/18)"]
[Site "?"]
[Date "1984.??.??"]
[Round "?"]
[White "Lungu, C.."]
[Black "Dangremond, Leonard"]
[Result "0-1"]
[WhiteElo "1605"]
[BlackElo "2010"]
[PlyCount "63"]
[EventDate "1984.??.??"]

{1/(18)} 1. c4 Nf6 2. Nc3 e6 3. e4 Bb4 4. a3 Bxc3 5. bxc3 Nxe4 6. Qg4 Nf6 7.
Qf3 c5 8. d3 Nc6 9. Be3 Qa5 10. Bd2 O-O 11. h3 Re8 12. Ne2 d5 13. Nc1 dxc4 14.
Be2 cxd3 15. Bxd3 e5 16. Be4 Nxe4 17. Qxe4 f5 18. Qe2 Be6 19. O-O Rad8 20. Re1
c4 21. Rd1 e4 22. Qe3 h6 23. Ne2 Rd3 24. Qf4 g5 25. Qh2 Red8 26. Nd4 Nxd4 27.
cxd4 Rxd2 28. Rxd2 Qxd2 29. Qc7 Qxd4 30. Rb1 Qd7 31. Qe5 Kf7 32. Qc5 $138 0-1

[Event "Plymouth (MI Op/3/5)"]
[Site "?"]
[Date "1984.??.??"]
[Round "?"]
[White "Long, Randy"]
[Black "Wygrecki, J.."]
[Result "0-1"]
[WhiteElo "1815"]
[BlackElo "2135"]
[PlyCount "28"]
[EventDate "1984.??.??"]

{3/(5)} 1. e4 Nf6 2. e5 Nd5 3. c4 Nb6 4. d4 d6 5. f4 dxe5 6. fxe5 Nc6 7. c5 Nd5
8. Bc4 Bf5 9. a3 e6 10. Nf3 Be7 11. Nc3 O-O 12. O-O b6 13. Bb5 Na5 14. b4 Nxc3
0-1

[Event "Plymouth (MI Op/1b/8)"]
[Site "?"]
[Date "1984.??.??"]
[Round "?"]
[White "Long, Randy"]
[Black "Kraft, C.."]
[Result "1-0"]
[WhiteElo "1845"]
[BlackElo "2100"]
[PlyCount "105"]
[EventDate "1984.??.??"]

1. e4 e5 2. Nf3 Nc6 3. Bb5 a6 4. Ba4 Nf6 5. O-O b5 6. Bb3 Be7 7. Re1 O-O 8. c3
d5 9. exd5 Nxd5 10. Nxe5 Nxe5 11. Rxe5 c6 12. Qf3 Bd6 13. Bxd5 Bxe5 14. Bxc6
Ra7 15. d4 Bd6 16. Be3 Re7 17. Nd2 Qc7 18. h3 Bd7 19. Bxd7 Qxd7 20. Ne4 f5 21.
Nxd6 Qxd6 22. Bf4 Qe6 23. Be5 Rd7 24. a3 Qb3 25. Qe2 Rb7 26. Rc1 Qc4 27. Qf3
Rd7 28. Rc2 a5 29. Qe2 Rb7 30. Qf3 Rd7 31. Qe2 Rb7 32. Qf3 Rb6 33. Qe2 Re8 34.
Qf3 Rf8 35. h4 b4 36. axb4 axb4 37. h5 h6 38. Qe2 Rc8 39. Qf3 Rf8 40. Qg3 Rb7
41. Qf3 Rb6 42. Qe2 Rc8 43. Qf3 Rf8 44. Qe2 Rc8 45. Qf3 b3 46. Rd2 Qe6 47. Re2
Qf7 48. Re3 Ra6 49. Qe2 Ra1+ 50. Kh2 Ra2 51. Rg3 g5 52. hxg6 Qf8 53. Qb5 1-0

[Event "Plymouth (MI Op/4/16)"]
[Site "?"]
[Date "1984.??.??"]
[Round "?"]
[White "Long, Randy"]
[Black "Johnson, Ty"]
[Result "0-1"]
[WhiteElo "1815"]
[BlackElo "2120"]
[PlyCount "116"]
[EventDate "1984.??.??"]

{4/(16)} 1. e4 Nf6 2. e5 Nd5 3. d4 d6 4. exd6 cxd6 5. c4 Nb6 6. Nf3 g6 7. b3
Bg7 8. Bb2 Nc6 9. Qd2 O-O 10. Na3 d5 11. Be2 dxc4 12. Nxc4 Be6 13. O-O Qc7 14.
Rfd1 Rfd8 15. Qe1 Nxc4 16. Bxc4 Bd5 17. Qe2 e6 18. Rac1 Qa5 19. Bc3 Qb6 20. Ne5
Rac8 21. Ba1 Bxc4 22. Rxc4 Qb5 23. Qf3 Nxe5 24. dxe5 Rxd1+ 25. Qxd1 Rxc4 26.
bxc4 Qxc4 27. Qd2 Qe4 28. Qd8+ Bf8 29. Qd1 Bb4 30. f3 Qe1+ 31. Qxe1 Bxe1 32.
Kf1 Ba5 33. Ke2 Bb6 34. Kd3 Kf8 35. Kc4 Ke7 36. Bc3 Kd7 37. Kb5 Bg1 38. h3 a6+
39. Kc4 Kc6 40. Bb4 b5+ 41. Kd3 Kd5 42. Bc3 Bh2 43. Ba5 Bxe5 44. Ke3 Bd6 45.
Kd3 f5 46. Kc3 e5 47. Kd3 Bc5 48. Kc3 e4 49. fxe4+ fxe4 50. Kd2 Kc4 51. Ke2 b4
52. Kd2 Kb5 53. Bd8 a5 54. Bf6 Kc4 55. Bg7 Bd4 56. Bf8 a4 57. Be7 b3 58. axb3+
Kxb3 0-1

[Event "Plymouth (MI Op/6/36)"]
[Site "?"]
[Date "1984.??.??"]
[Round "?"]
[White "Long, Randy"]
[Black "Hutchings, C.."]
[Result "1-0"]
[WhiteElo "1815"]
[BlackElo "1605"]
[PlyCount "49"]
[EventDate "1984.??.??"]

{6/(36)} 1. e4 e5 2. Nf3 Nc6 3. Bb5 Nf6 4. O-O Bc5 5. Bxc6 dxc6 6. Nxe5 Qd4 7.
Nf3 Qd8 8. d4 Bb6 9. Bg5 O-O 10. e5 h6 11. exf6 hxg5 12. fxg7 Kxg7 13. c3 Qf6
14. Qd2 Kg6 15. Ne5+ Kg7 16. f4 g4 17. Na3 Rh8 18. g3 Bf5 19. Rfe1 Rh5 20. Qe2
Re8 21. Nac4 Qh6 22. Ne3 c5 23. Nxf5+ Rxf5 24. Qxg4+ Kf8 25. Nd7# 1-0

[Event "Plymouth (MI Op/5/39)"]
[Site "?"]
[Date "1984.??.??"]
[Round "?"]
[White "Lloyd, J.."]
[Black "Theuerle, P.."]
[Result "1-0"]
[WhiteElo "1855"]
[BlackElo "1640"]
[PlyCount "99"]
[EventDate "1984.??.??"]

{5/(39)} 1. e4 e5 2. Nf3 Nc6 3. Bc4 d6 4. d4 exd4 5. Nxd4 Nxd4 6. Qxd4 Qf6 7.
Qd3 Be6 8. Nc3 Bxc4 9. Qxc4 c6 10. Be3 Be7 11. O-O-O Nh6 12. Kb1 Ng4 13. Bd4
Qg6 14. h3 Ne5 15. Qb3 b6 16. f4 Nd7 17. f5 Qg3 18. Rd2 Ne5 19. Rhd1 O-O 20.
Bf2 Qf4 21. Re2 Qh6 22. Rg1 Bd8 23. Nd1 b5 24. g4 Bg5 25. h4 Bd8 26. g5 Qh5 27.
Qe3 Nc4 28. Qd3 Bb6 29. Bxb6 axb6 30. Rh2 Ra7 31. b3 Na3+ 32. Ka1 Rd7 33. Nc3
f6 34. gxf6 Rxf6 35. Ne2 Qe8 36. Rhg2 c5 37. c3 b4 38. Qd5+ Kh8 39. Nf4 h6 40.
Ne6 Rff7 41. cxb4 cxb4 42. Qd4 Qe7 43. Qxb4 Ra7 44. Qc3 Nb5 45. Qb2 Rd7 46.
Nxg7 Qe5 47. Ne6 Nc7 48. Kb1 Kh7 49. Qe2 Rde7 50. Qg4 1-0

[Event "Plymouth (MI Op/7/36)"]
[Site "?"]
[Date "1984.??.??"]
[Round "?"]
[White "Lloyd, J.."]
[Black "Shaler, Tom"]
[Result "1-0"]
[WhiteElo "1855"]
[BlackElo "1650"]
[PlyCount "83"]
[EventDate "1984.??.??"]

{7/(36)} 1. e4 c5 2. Nf3 d6 3. d4 cxd4 4. Nxd4 Nf6 5. Nc3 a6 6. Bg5 e6 7. Bc4
Be7 8. Bb3 O-O 9. Qd2 e5 10. Nde2 b5 11. f3 Nbd7 12. O-O-O Nc5 13. Kb1 Nxb3 14.
cxb3 Bb7 15. Ng3 Ne8 16. Bxe7 Qxe7 17. Nf5 Qe6 18. Qg5 f6 19. Qg4 Bc8 20. Qg3
Kf7 21. Rd2 g6 22. Ne3 Nc7 23. Rhd1 Rd8 24. Ned5 Nxd5 25. Nxd5 Bb7 26. Nc7 Qd7
27. Nxa8 Bxa8 28. Rxd6 Qxd6 29. Rxd6 Rxd6 30. Qf2 Rd7 31. Qb6 Bb7 32. a4 bxa4
33. bxa4 f5 34. exf5 gxf5 35. Qh6 Ke8 36. Qh5+ Rf7 37. Kc1 e4 38. Kd2 exf3 39.
gxf3 Ke7 40. Ke2 Rg7 41. Qxf5 Kd6 42. Qf6+ 1-0

[Event "Plymouth (MI Op/3/45)"]
[Site "?"]
[Date "1984.??.??"]
[Round "?"]
[White "Lloyd, J.."]
[Black "Alexander, J.."]
[Result "0-1"]
[WhiteElo "1855"]
[BlackElo "1605"]
[PlyCount "122"]
[EventDate "1984.??.??"]

{3/(45)} 1. e4 c6 2. d4 d5 3. Nc3 dxe4 4. Nxe4 Bf5 5. Ng3 Bg6 6. Nf3 Nf6 7. h4
h6 8. Bd3 Bxd3 9. Qxd3 Qc7 10. c4 Nbd7 11. Bd2 e6 12. O-O Bd6 13. Ne4 Nxe4 14.
Qxe4 Nf6 15. Qe2 O-O 16. c5 Be7 17. b4 Nd5 18. Rfe1 Bf6 19. Rab1 a6 20. g4 Nf4
21. Qe4 g5 22. hxg5 hxg5 23. Rb3 Kg7 24. Ne5 Nd5 25. f4 Qe7 26. Nc4 Rh8 27. Nd6
Rh4 28. f5 Rah8 29. Rg3 Rh1+ 30. Kf2 R8h2+ 31. Rg2 Rxg2+ 32. Kxg2 Rxe1 33. Bxe1
Qd7 34. a3 Nf4+ 35. Kf3 Be7 36. Nc4 exf5 37. gxf5 Qd5 38. Nb6 Qb3+ 39. Qe3
Qxe3+ 40. Kxe3 Ng2+ 41. Kf2 Nxe1 42. Kxe1 Kf6 43. d5 Bd8 44. dxc6 bxc6 45. Nc8
Kxf5 46. Na7 Ke6 47. Nxc6 Bc7 48. Kd2 Kd5 49. Ne7+ Kc4 50. Kc2 g4 51. Nf5 g3
52. Kd2 Kb3 53. Ke2 Kxa3 54. Nd6 Kxb4 55. Nxf7 Kxc5 56. Ng5 Kb4 57. Ne4 a5 58.
Nxg3 Bxg3 59. Kd2 Kb3 60. Kc1 Be5 61. Kb1 a4 0-1

[Event "East Lansing (MEX/3)"]
[Site "?"]
[Date "1984.??.??"]
[Round "?"]
[White "Lindsay, F.."]
[Black "Mills, J.."]
[Result "1-0"]
[WhiteElo "2305"]
[BlackElo "2185"]
[PlyCount "113"]
[EventDate "1984.??.??"]

1. Nf3 Nf6 2. c4 g6 3. Nc3 Bg7 4. e4 d6 5. d4 O-O 6. Be2 Nc6 7. d5 Ne5 8. Nxe5
dxe5 9. O-O e6 10. b3 exd5 11. cxd5 c6 12. dxc6 bxc6 13. Qxd8 Rxd8 14. Bg5 h6
15. Be3 Bf8 16. f3 Be6 17. Rfd1 Nd7 18. Na4 Nb6 19. Nc5 Rxd1+ 20. Rxd1 Bxc5 21.
Bxc5 Nd7 22. Be3 a5 23. Bxh6 a4 24. Bc4 Nc5 25. Bg5 Kg7 26. Rd6 axb3 27. axb3
Rc8 28. Kf2 Rc7 29. Bd8 Rc8 30. Ke3 Nxb3 31. Bxe6 fxe6 32. Rd7+ Kf8 33. Bf6 c5
34. Bxe5 c4 35. Bc3 Ke8 36. Rg7 Rd8 37. Rg8+ Kd7 38. Rxd8+ Kxd8 39. Kf4 Ke7 40.
Ke5 Kf7 41. h4 Ke7 42. Be1 Na1 43. g3 Nb3 44. g4 Nc1 45. Kd4 Nd3 46. Bg3 Nb2
47. Kc3 Nd1+ 48. Kxc4 Kf6 49. Kd4 Nb2 50. Be5+ Kf7 51. Bc7 Nd1 52. Bf4 Nf2 53.
Kc3 Nh3 54. Be3 e5 55. Kc4 Ke6 56. Kc5 Ke7 57. Kd5 1-0

[Event "East Lansing (MEX/1)"]
[Site "?"]
[Date "1984.??.??"]
[Round "?"]
[White "Lindsay, F.."]
[Black "Arganian, David G"]
[Result "1-0"]
[WhiteElo "2305"]
[BlackElo "2100"]
[PlyCount "67"]
[EventDate "1984.??.??"]

1. Nf3 Nf6 2. c4 c6 3. d4 d5 4. Nc3 e6 5. cxd5 exd5 6. Bg5 Be7 7. Qc2 O-O 8. e3
Re8 9. Bd3 h6 10. Bh4 Ne4 11. Bxe7 Qxe7 12. Bxe4 dxe4 13. Nd2 Bf5 14. O-O-O Na6
15. a3 b5 16. Ncb1 Bg6 17. Nb3 c5 18. dxc5 b4 19. Rd6 Qb7 20. Qc4 Nxc5 21. Nxc5
Rac8 22. axb4 Bh5 23. Nxb7 Rxc4+ 24. Nc3 Rxb4 25. Nc5 Rc8 26. Rd4 a5 27. N5xe4
Bg6 28. f3 Rb3 29. Rhd1 Kf8 30. Rd8+ Rxd8 31. Rxd8+ Ke7 32. Ra8 Bxe4 33. fxe4
a4 34. Rxa4 1-0

[Event "East Detroit (MCO/5/16)"]
[Site "?"]
[Date "1984.??.??"]
[Round "?"]
[White "Libby, Dan"]
[Black "Prusaitis, William"]
[Result "0-1"]
[WhiteElo "1725"]
[BlackElo "1970"]
[PlyCount "86"]
[EventDate "1984.??.??"]

{5/(16)} 1. Nf3 Nf6 2. g3 g6 3. Bg2 Bg7 4. O-O d5 5. c4 d4 6. d3 c5 7. a3 Nc6
8. Bg5 h6 9. Bd2 a5 10. Qc1 Bf5 11. h4 Qc8 12. Re1 Nh5 13. e4 Bh3 14. a4 Nb4
15. Bxb4 axb4 16. Nbd2 Bxg2 17. Kxg2 e5 18. Nh2 O-O 19. Ndf3 f5 20. Qd2 Qc7 21.
b3 Rae8 22. Ng1 Re7 23. f3 Ref7 24. Nh3 f4 25. g4 Ng3 26. g5 Re8 27. Ng4 Kh7
28. Rg1 Qd8 29. Ngf2 Bf8 30. Ng4 Re6 31. Kf2 Kh8 32. Rg2 Rfe7 33. gxh6 Ra6 34.
Ng5 Qb8 35. a5 b6 36. Ra2 Rea7 37. Nxe5 Qxe5 38. axb6 Rxa2 39. Nf7+ Kg8 40.
Nxe5 Rxd2+ 41. Ke1 Rxg2 42. bxa7 Ra2 43. Nxg6 Bxh6 0-1

[Event "East Detroit (MCO/3/11)"]
[Site "?"]
[Date "1984.??.??"]
[Round "?"]
[White "Libby, Dan"]
[Black "Jarosz, Stan"]
[Result "0-1"]
[WhiteElo "1725"]
[BlackElo "2030"]
[PlyCount "94"]
[EventDate "1984.??.??"]

{3/(11)} 1. Nf3 d5 2. d4 Nf6 3. g3 c6 4. Bg2 Bf5 5. Nc3 h6 6. O-O e6 7. Re1
Nbd7 8. Nd2 Be7 9. e4 dxe4 10. Ndxe4 Nxe4 11. Nxe4 Nf6 12. Nxf6+ Bxf6 13. d5
cxd5 14. Qxd5 Qxd5 15. Bxd5 O-O 16. Bxb7 Rab8 17. Be4 Bxe4 18. Rxe4 Bxb2 19.
Rb1 Bc3 20. Rb3 Rxb3 21. axb3 Rd8 22. Be3 a5 23. Rc4 Bb4 24. c3 Be7 25. Bb6
Rd1+ 26. Kg2 Rb1 27. Bxa5 Rxb3 28. Rc8+ Kh7 29. Rc7 Bd8 30. Rc5 Bxa5 31. Rxa5
Rxc3 32. Ra7 Kg6 33. h4 h5 34. Ra6 Kf6 35. Ra4 g6 36. Rf4+ Ke7 37. g4 hxg4 38.
Rxg4 Rc5 39. Rg5 Rxg5+ 40. hxg5 Kd6 41. f4 Kd5 42. Kf3 Kd4 43. Kg3 Ke3 44. Kg4
Kf2 45. f5 exf5+ 46. Kf4 Ke2 47. Ke5 Ke3 0-1

[Event "East Detroit (MCO/2/14)"]
[Site "?"]
[Date "1984.??.??"]
[Round "?"]
[White "Libby, Dan"]
[Black "Forte, Joe"]
[Result "1/2-1/2"]
[WhiteElo "1725"]
[BlackElo "2020"]
[PlyCount "120"]
[EventDate "1984.??.??"]

{2/(14)} 1. Nf3 Nf6 2. g3 c5 3. c4 Nc6 4. Nc3 d5 5. b3 d4 6. Na4 e5 7. d3 Bd6
8. Bg2 Bd7 9. O-O h5 10. e4 dxe3 11. Bxe3 b6 12. Bg5 Qc7 13. Nc3 Ne7 14. Bxf6
gxf6 15. Ne4 O-O-O 16. Nxf6 Bc6 17. Bh3+ Kb8 18. Ng5 h4 19. Nfe4 Ng6 20. Bg2
Qe7 21. Qf3 Rhf8 22. Nh7 Rh8 23. Nhf6 Qb7 24. a4 Be7 25. a5 Nf4 26. axb6 axb6
27. gxf4 Bxf6 28. fxe5 Bxe5 29. Rad1 Rdg8 30. Qf5 f6 31. f4 h3 32. fxe5 Rxg2+
33. Kh1 Qg7 34. Qf4 fxe5 35. Qf3 Rg8 36. Qxh3 Rxh2+ 37. Kxh2 Rh8 38. Rf3 Rxh3+
39. Rxh3 b5 40. Rg1 Qf7 41. Rhg3 Qh5+ 42. Rh3 Qe2+ 43. Rg2 Qf1 44. Rf2 Qc1 45.
Rh7 Bb7 46. Rf8+ Ka7 47. Rff7 Qc2+ 48. Nf2 Ka6 49. Kg3 Bc8 50. Rc7 Bf5 51. Ra7+
Kb6 52. Rhc7 bxc4 53. bxc4 Qd2 54. Rab7+ Ka6 55. Ra7+ Kb6 56. Rab7+ Ka5 57.
Rb5+ Ka6 58. Rc6+ Ka7 59. Rc7+ Ka6 60. Rc6+ Ka7 1/2-1/2

[Event "Plymouth (MI Op/2/59)"]
[Site "?"]
[Date "1984.??.??"]
[Round "?"]
[White "Leonard, K.."]
[Black "Teismann, J.."]
[Result "0-1"]
[WhiteElo "1605"]
[BlackElo "1725"]
[PlyCount "86"]
[EventDate "1984.??.??"]

{2/(59)} 1. c4 Nf6 2. Nc3 c5 3. Nf3 Nc6 4. d4 cxd4 5. Nxd4 g6 6. e3 Bg7 7. Be2
O-O 8. O-O d5 9. Nxc6 bxc6 10. Bf3 Ba6 11. Qa4 Bxc4 12. Rd1 Qb6 13. e4 dxe4 14.
Qxc4 exf3 15. gxf3 Rfd8 16. Re1 Nd5 17. Nxd5 cxd5 18. Qe2 e6 19. Bf4 Qxb2 20.
Qxb2 Bxb2 21. Rab1 Bc3 22. Re3 d4 23. Rd3 f6 24. Rb7 e5 25. Bh6 Rd6 26. h4 a5
27. Kh2 Rad8 28. Rg7+ Kh8 29. Rf7 Re6 30. Rd1 f5 31. Rb1 Bb4 32. a3 Re7 33.
Rf8+ Rxf8 34. Bxf8 Rf7 35. axb4 Rxf8 36. bxa5 d3 37. Kg2 e4 38. a6 Ra8 39. Rb6
Re8 40. Rb1 Kg7 41. fxe4 fxe4 42. Kf1 Kf6 43. Rb5 d2 0-1